000 00368nam a2200145Ia 4500
008 090124s9999 xx 000 0 und d
082 _b42264
245 _aDIRECT AND INDIRECT TAXES
250 _a5
260 _bSHETH PUBLISHERS PVT.LTD.
_c1995
300 _a455
630 _aDIRECT AND INDIRECT TAXES
730 _aDIRECT AND INDIRECT TAXES
942 _cBOOK
999 _c108439
_d108439